000 01053nam a2200217 a 4500
008 120416s1982 ||||||||||||||||| || u
020 _a0471047465
050 _aQC 23 Hob
100 _aHobson, Art
245 1 0 _aPhysics and human affairs
260 _aNew York:
_bJohn Wiley and Sons
_c1982
300 _axiii, 418p. : ill
350 _a0.00
650 _aPHYSICS--PHILOSOPHY
650 _aPHYSICS--SOCIAL ASPECTS
650 0 _aPHYSICS
995 _aMAIN LIBRARY OPEN ACCESS
_D0.00
_e012167
_FCBU-MAIN LIBRARY (Kitwe)
_H1
_I25.15
_jQC 23 Hob
_UAVAILABLE
_y012167
_ZMain Library Open Access Collection
995 _aMAIN LIBRARY OPEN ACCESS
_D0.00
_e012164
_FCBU-MAIN LIBRARY (Kitwe)
_H2
_I25.15
_jQC 23 Hob
_UAVAILABLE
_y012164
_ZMain Library Open Access Collection
995 _aBINDERY (DAMAGED)
_D0.00
_e725395
_FCBU-MAIN LIBRARY (Kitwe)
_H3
_I25.15
_jQC 23 Hob
_UDAMAGED
_y012165
_ZMain Library Open Access Collection
995 _aBINDERY (DAMAGED)
_D0.00
_e725394
_FCBU-MAIN LIBRARY (Kitwe)
_H4
_I25.15
_jQC 23 Hob
_UDAMAGED
_y012166
_ZMain Library Open Access Collection
999 _c81901
_d81901